[Event "LSS OP-2007-0-00238"]
[Site "LSS email"]
[Date "2007.02.05"]
[Round "?"]
[White "Kuyucu, Mehmet Eren"]
[Black "Selmeczi, Jozsef"]
[Result "0-1"]
[WhiteElo "800"]
[BlackElo "1703"]
[PlyCount "28"]
[EventDate "2007.02.04"]
[EventType "tourn (corr)"]
[EventRounds "4"]
[EventCountry "GER"]
[SourceTitle "Corr 2015"]
[Source "ChessBase"]
[SourceDate "2015.07.17"]
[SourceVersion "1"]
[SourceVersionDate "2015.07.17"]
[SourceQuality "1"]

1. e4 d5 2. Qh5 Nf6 3. Qe5 dxe4 4. d3 Nc6 5. Qf4 e5 6. Qe3 Ng4 7. Qxe4 Nd4 8. Na3 f5 9. Bg5 Qxg5 10. Qd5 Bxa3 11. Nf3 Qf4 12. g3 Nxf3+ 13. Ke2 Qd2+ 14. Kxf3 Qxf2# 0-1